000 00442nam a2200169Ia 4500
008 210210b2004 xxu||||| |||| 00| 0 eng d
020 _a81 7014 905 3
082 _a544/133 UGC
100 _aSONI (P L) & Others.
245 _aText book of physical chemistry. Ed 22
250 _a
260 _aND
_bSultan Chand & Sons
_c2004
300 _axxix,1030
650 _aPhysical Chemistry
690 _aPhysical Chemistry
906 _aSG04520
999 _c115214
_d115214